| 000 | 00318ncm a2200133 a 4500 | ||
|---|---|---|---|
| 020 | _a8186250107 | ||
| 082 |
_a808.1 _bALK |
||
| 245 | 1 |
_aNursery Rhymes : _bpciture book |
|
| 260 |
_aINDIA. _bMUMBAI. |
||
| 526 |
_a0 _b0 _c0 _d808_100000000000000_ALK |
||
| 650 |
_aMCE _9379 |
||
| 650 |
_aRhymes _946912 |
||
| 942 |
_2ddc _cBK |
||
| 999 |
_c550191 _d550191 |
||